| 000 | 00500nam a2200169Ia 4500 | ||
|---|---|---|---|
| 999 |
_c22854 _d22854 |
||
| 003 | OSt | ||
| 005 | 20200210144951.0 | ||
| 008 | 190216s9999||||xx |||||||||||||| ||und|| | ||
| 040 | _coclc | ||
| 082 |
_a954.83 _bKAR/O |
||
| 100 |
_a Karakunnu, Sheikh Mohammed _91839 |
||
| 245 | 0 |
_aOlimangatha Mughangal / _cSheikh Mohammed Karakunnu |
|
| 260 |
_bVachanam, _c2011. _aKozhikode: |
||
| 300 | _a128p | ||
| 650 | _aIslamic History | ||
| 942 |
_cBK _2ddc _h954.83 _iKAR/O _k954.83 _mKAR/O |
||